000
00310nam a22000977a 4500
008
150619b xxu||||| |||| 00| 0 eng d
010
_8
HCCRSF:005
245
_a
HIGH COURT CRIMINAL SESSION NO.243 OF 1969 Uganda Vs Dominiko Ntamushobora
260
_a
High Court Kampala
500
_3
BEFORE: Hon. Mr. Justice J.W. Mead
999
_c
6494
_d
6494